Normal view
MARC view
- Inheritance and succession
Entry Topical Term
001 - CONTROL NUMBER
- control field: 12063
003 - CONTROL NUMBER IDENTIFIER
- control field: NUST
005 - DATE AND TIME OF LATEST TRANSACTION
- control field: 20180727054421.0
008 - FIXED-LENGTH DATA ELEMENTS
- fixed length control field: 180727|| aca||aabn | a|a d
040 ## - CATALOGING SOURCE
- Original cataloging agency: NUST
- Transcribing agency: NUST
150 ## - HEADING--TOPICAL TERM
- Topical term or geographic name entry element: Inheritance and succession
- Form subdivision: Fiction.
670 ## - SOURCE DATA FOUND
- Source citation: Work cat.: (NUST)174408: Collins, Wilkie, 1824-1889. 12061, The woman in white., 1860.
